UK commercial real estate impact report (Record no. 121541)
[ view plain ]
| 000 -LEADER | |
|---|---|
| fixed length control field | 01230nam a22002417a 4500 |
| 008 - FIXED-LENGTH DATA ELEMENTS--GENERAL INFORMATION | |
| fixed length control field | 230616s2022 xxk|||||o|||| 00| 0 eng d |
| 020 ## - INTERNATIONAL STANDARD BOOK NUMBER | |
| ISBN | 9781783214662 |
| 041 ## - LANGUAGE CODE | |
| Language code of text/sound track or separate title | eng |
| 100 ## - MAIN ENTRY--PERSONAL NAME | |
| Personal author | Varriale, Fabrizio |
| 110 ## - MAIN ENTRY--CORPORATE NAME | |
| Corporate author | Royal Institution of Chartered Surveyors |
| 245 ## - TITLE STATEMENT | |
| Title | UK commercial real estate impact report |
| Medium | [Electronic resource] |
| 260 ## - PUBLICATION INFORMATION | |
| Place of publication | London, |
| Publisher | Royal Institution of Chartered Surveyors, |
| Date | March 2022 |
| 300 ## - PHYSICAL DESCRIPTION | |
| Physical description | 38p. |
| 490 ## - SERIES TITLE | |
| Series statement | RICS Research |
| 520 ## - ABSTRACT | |
| Abstract | This report emphasises the key role that the commercial property sector currently plays in the UK, as well as highlighting it’s future role in driving forward economic recovery; delivering regeneration and opportunity for all UK communities; and achieving sustainability targets. RICS is committed to building on this important research in partnership with the profession, government and stakeholders |
| 650 ## - KEYWORDS | |
| Keywords | COMMERCIAL PROPERTY |
| 650 ## - KEYWORDS | |
| Keywords | PROPERTY MARKET |
| 651 ## - SUBJECT ADDED ENTRY--GEOGRAPHIC NAME | |
| Geographic name | United Kingdom |
| 690 ## - BROAD SUBJECT | |
| 9 (RLIN) | 6307 |
| Broad subject | Built Environment |
| 710 ## - ADDED CORPORATE NAME | |
| Added corporate author | Royal Institution of Chartered Surveyors |
| 856 ## - ONLINE RESOURCE | |
| Uniform Resource Identifier | <a href="https://www.rics.org/news-insights/market-surveys/rics-commercial-real-estate-impact-report">https://www.rics.org/news-insights/market-surveys/rics-commercial-real-estate-impact-report</a> |
| Public note | Available free on RICS.org |
| 942 ## - ADDED ENTRY ELEMENTS (KOHA) | |
| Suppress in OPAC | Do not suppress in OPAC |
| Lost status | Damaged status | Not for loan | Current library | Shelving location | Date acquired | Total Checkouts | Date last seen | Price effective from | Koha item type |
|---|---|---|---|---|---|---|---|---|---|
| Virtual | Online | 16/06/2023 | 16/06/2023 | 16/06/2023 | Online material |